| 000 | 00766nac a22002291u 4500 | ||
|---|---|---|---|
| 010 | _a 2001056920 | ||
| 020 | _a0273655523 (alk. paper : pbk.) | ||
| 082 | 0 | 0 |
_a657 _bW8732 |
| 090 |
_c4663 _d4663 |
||
| 100 | _aWood, Frank, | ||
| 245 | 1 | 0 |
_aFrank Wood's business accounting 1 / _cFrank Wood and Alan Sangster. |
| 246 | 3 | 0 | _aBusiness accounting 1 |
| 246 | 3 | 0 | _aBusiness accounting one |
| 250 | _a8th ed. | ||
| 260 |
_aNew York : _bFinancial Times/Prentice Hall,c1999. _cc1999. |
||
| 300 |
_a656 p. _bill. _c25 cm. |
||
| 500 | _aIncludes index. | ||
| 650 | 0 | _aAccounting. | |
| 700 | 1 | _aSangster, Alan. | |
| 942 |
_cBB _k657W8732 |
||
| 999 |
_c4663 _d4663 |
||